Hồn cây sắc núi : Tập tiểu luận - phê bình văn học - nghệ thuật dân tộc - miền núi /

Shranjeno v:
Bibliografske podrobnosti
Glavni avtor: Phạm Quang Trung.
Format: Sách giấy
Jezik:Vietnamese
Izdano: H. : Hội Nhà văn, 2010.
Teme:
Oznake: Označite
Brez oznak, prvi označite!
Thư viện lưu trữ: Thư viện Trường Đại học Đà Lạt
LEADER 00835nam a2200301 4500
001 DLU100110154
005 ##20100723
040 # # |a DLU  |b vie 
041 # # |a vie 
044 # # |a vn 
082 # # |a 895.922 09  |b PH-T 
100 # # |a Phạm Quang Trung. 
245 # # |a Hồn cây sắc núi :  |b Tập tiểu luận - phê bình văn học - nghệ thuật dân tộc - miền núi /  |c Phạm Quang Trung. 
246 # # |a Hồn cây sắc núi :  |b Tiểu luận - Phê bình văn chương 
260 # # |a H. :  |b Hội Nhà văn,  |c 2010. 
300 # # |a 314 tr. ;  |c 21 cm. 
653 # # |a Phê bình văn học 
923 # # |a 05/2010 
991 # # |a SH 
992 # # |a 65000 
994 # # |a DLU 
900 # # |a True 
911 # # |a Đào Thị Thu Huyền 
925 # # |a G 
926 # # |a A 
927 # # |a SH 
980 # # |a Thư viện Trường Đại học Đà Lạt